000 00300nam a22001337a 4500
008 171206b xxu||||| |||| 00| 0 eng d
020 _a9780130054227
041 _aeng
080 _a621
100 _a27
101 _aIM
245 _aADAPTIVE ESTIMATION AND CONTROL
_cWATANABE,K
942 _2udc
_cBK
999 _c38789
_d38789